[Event "UKR-ch 83rd"]
[Site "Lvov"]
[Date "2014.11.19"]
[Round "8"]
[White "Zubov, Alexander"]
[Black "Areshchenko, Alexander"]
[Result "1-0"]
[WhiteElo "2588"]
[BlackElo "2655"]
[Annotator "Havasi,G"]
[PlyCount "83"]
[EventDate "2014.11.11"]
[EventType "tourn"]
[EventRounds "11"]
[EventCountry "UKR"]
[EventCategory "17"]
[SourceTitle "CBM 164"]
[Source "ChessBase"]
[SourceDate "2015.01.15"]
[SourceVersion "1"]
[SourceVersionDate "2015.01.15"]
[SourceQuality "1"]

1. e4 c5 2. Nf3 d6 3. d4 cxd4 4. Qxd4 Nf6 (4... Nc6 {or}) (4... a6 {are the
most popular lines.}) 5. Bb5+ (5. Nc3 {or}) ({the direct} 5. e5 {, after which
a difficult struggle will arise} Nc6 6. Bb5 Qa5+ 7. Nc3 Qxb5 8. Nxb5 Nxd4 9.
Nfxd4 dxe5 10. Nc7+ Kd7 11. Nxa8 exd4 $13 {Nakamura-Karjakin, Internet 2005})
5... Bd7 (5... Nc6 {would transpose to the 4...Nc6 line.}) 6. Bxd7+ Qxd7 7. O-O
Nc6 (7... g6 {is also possible} 8. c4 Bg7 9. Nc3 O-O 10. Qd3 Nc6 11. h3 Qd8 $5
{Black reroutes the Q to a5.} (11... Qe6 {is also interesting, followed by Nd7}
) 12. Be3 Nd7 13. Rac1 Qa5 14. Qb1 Rac8 15. Rfd1 Rfe8 $13 {Shomoev-Dominguez
Perez, Loo 2014}) 8. Qd3 e6 {Black chooses a setup with ...e6. He could have
reached a position with ...g6, which usually arises after 7...g6.} (8... g6 9.
c4 Bg7 10. Nc3 O-O {transposes to 7...g6.}) 9. c4 Ne5 $146 (9... Be7 {is the
solid move, but Black wanted to avoid} 10. Nc3 O-O 11. Bf4 {and White has a
comfortable position, but objectively it's equal (this position is very
simliar to Carlsen-Anand, WCh 2013).}) 10. Qe2 (10. Nxe5 dxe5 $132) 10... Qc6 {
Black attacks White's structure.} (10... Be7 {is simpler} 11. Nbd2 (11. Nxe5 $5
dxe5 12. Bg5 $1 {White has to exchange this N if he wants something.} O-O 13.
Nd2 h6 14. Bxf6 Bxf6 15. Nf3 Rfd8 {and despite the double e-pawns, Black has
no problem, he just has to keep as many pieces on the board as possible to
avoid a worse endgame.}) 11... Ng6 $13) 11. Nfd2 $5 {White wants to avoid
simplifacations and play with b3 and f4 and place his other N on c3.} (11. Nxe5
dxe5 $132) ({If White defends the pawn with} 11. Nbd2 {Black has comfortable
equality} Be7 12. b3 O-O 13. Bb2 Nxf3+ 14. Qxf3 Nd7 $11) 11... g5 $5 {Black
wants to prevent f4 and make his knight stronger on e5.} (11... Be7 {is a
normal move, there is nothing wrong with it} 12. b3 O-O 13. Bb2 Nfd7 14. f4 Ng6
$13) 12. Nc3 Bg7 13. b3 a6 (13... Nfd7 {is also good} 14. Ba3 Nc5 $13) 14. Nf3
$1 {I like this move. It's good to exchange the d2-knight for the Ne5, because
the black knight is clearly stronger.} (14. Bb2 h6 15. Rfd1 O-O $13) 14...
Nxf3+ 15. Qxf3 h6 {Black strengthens the g5-pawn.} (15... g4 {is a more active
try} 16. Qf4 Nh5 17. Qd2 Be5 18. Bb2 O-O-O $13) 16. Rd1 O-O {This move order
allows White to organise his pieces very well.} (16... Nd7 {is more exact} 17.
Bd2 Ne5 18. Qe2 O-O) 17. Ba3 $1 {The most simple move, which allows White to
organize his pieces very well.} (17. h4 $5 {would also be a strong move} Nxe4
$1 (17... gxh4 18. Bf4 $14) 18. Nxe4 f5 $1 (18... Bxa1 19. hxg5 $16) 19. Rb1
fxe4 20. Qg4 Rf6 $1 21. hxg5 Rg6 $1 (21... hxg5 22. Qg3 $1) 22. Bf4 Rd8 23. Rd2
$36) 17... Rfd8 18. Rac1 $14 {White has reached what he wanted, he is better
placed.} Rac8 {This move is very logical, but it allows a tactical strike.} ({
If Black decides to place the R on d7} 18... Rd7 {White can play tactically
with} 19. h4 ({or positinally with} 19. Rd2 $14) 19... gxh4 20. Qf4 h3 21. Rxd6
Rxd6 22. Qxd6 hxg2 23. Qxc6 bxc6 24. Rd1 $14) 19. h4 $1 {Exploiting the
weakness of g5.} Nh7 20. hxg5 Nxg5 21. Qe2 (21. Qe3 $1 $16 {is stronger, it
can be very important to defend the g1-a7 diagonal in the future}) 21... Kh8 (
21... b5 22. cxb5 axb5 23. Nxb5 Qxe4 24. Qxe4 Nxe4 25. Bb4 Rxc1 26. Rxc1 $14) (
21... Kh7 22. Qe3 $14) 22. Qe3 $1 {Correcting the mistake.} (22. f4 Nh7 23. Rd3
$16 {is also strong.}) 22... b5 {Black wants to find some active resources in
this hopeless position.} 23. cxb5 axb5 24. Bb4 Qb7 25. Qe2 $1 {The last exact
move, white has a very big advantage.} (25. f4 {isn't so good} Nh7 {and the
game is suddenly unclear.}) 25... Be5 26. Qxb5 Qa7 27. Qd3 Qb7 28. a3 $16 Rg8
29. Kf1 Rc6 ({The active} 29... f5 30. exf5 Rcf8 31. Bxd6 Bxd6 32. Qxd6 Rxf5
33. Rd2 {doesn't promise much for Black.}) 30. g3 (30. f3 $16) (30. Qe3 $1 $16)
30... f5 (30... Rcc8 31. f4 $16) 31. exf5 Rc7 32. Ke2 (32. fxe6 {is even better
} Qh1+ 33. Ke2 Qh5+ 34. Kd2 $18) 32... exf5 33. Nd5 Rh7 34. f4 Ne4 35. fxe5
dxe5 36. Be1 Rhg7 37. Rc4 Nxg3+ 38. Kd2 f4 39. Kc2 e4 40. Qd4 Nf5 41. Qf6 Rb8
42. Bb4 1-0

[Event "Bad Endbach"]
[Site "Bad Endbach"]
[Date "1995.??.??"]
[Round "?"]
[White "Tischbierek, Raj"]
[Black "Gutman, Lev"]
[Result "0-1"]
[WhiteElo "2520"]
[BlackElo "2470"]
[Annotator "Hecht,H"]
[PlyCount "204"]
[EventDate "1995.04.??"]
[EventType "tourn"]
[EventRounds "11"]
[EventCountry "GER"]
[EventCategory "11"]
[SourceTitle "CBM 047"]
[Source "ChessBase"]
[SourceDate "1995.08.01"]
[SourceVersion "1"]
[SourceVersionDate "1995.08.01"]
[SourceQuality "1"]

1. e4 {Endgame-CD Baburin} c5 2. Nf3 d6 3. d4 cxd4 4. Qxd4 Bd7 5. Be3 Nf6 6.
Nc3 Nc6 7. Qd2 Rc8 8. O-O-O Qa5 9. a3 e6 10. Nd4 a6 11. f3 Be7 12. g4 h6 13. h4
Nxd4 14. Bxd4 e5 15. Be3 Be6 16. Kb1 Rc6 17. Be2 Bd8 18. g5 Nh5 19. Nd5 Qxd2
20. Rxd2 Bxd5 21. exd5 Rc8 22. gxh6 g6 {Baburin: Black plans to collect the
h6-pawn later after Bd8-e7-f8xh6. Then the Knight  will get a nice square on
f4 and will be superior to White's QB. In the game White tried to change this
scenario, but did not do well either.} 23. Bd3 Be7 24. Rg2 Bf8 25. Rxg6 fxg6
26. Bxg6+ Ke7 27. Bxh5 Bxh6 28. Bf2 Be3 29. Bxe3 Rxh5 30. Bg5+ Kd7 31. Kc1 Rh7
32. f4 exf4 33. Bxf4 Rf7 34. Be3 Rf3 35. Bd4 Rd3 36. Bc3 Rxd5 37. h5 Rcc5 38.
h6 Rh5 39. Rxh5 Rxh5 40. Bg7 {B+4P <-> R+3P} d5 (40... b5 $5) 41. a4 $1 Ke6 42.
Kb1 Rh4 43. b3 Kf5 44. Kb2 Ke4 45. Kc3 a5 46. Kb2 Rh3 47. Bc3 b6 48. Bg7 Ke3
49. Kc3 Ke4+ 50. Kd2 Rh1 51. Kc3 Rh2 52. Kb2 Rh3 53. Kc1 Ke3 54. Kb2 Kd2 55.
Bf6 Kd1 56. Bg7 Ke2 (56... Rh2 57. Kb1 Rxc2 $4 58. h7) 57. Kc1 Rh2 58. Kb2 Kf3
59. Kc3 Ke4 60. Kb2 d4 61. Kc1 Ke3 62. Kb1 Rh1+ 63. Kb2 d3 64. cxd3 Kxd3 65.
Bf6 $1 $10 (65. Bf8 Rh2+ 66. Ka3 Kc2 67. Bg7 Kb1 68. b4 Rh3+) 65... Rh2+ 66.
Kb1 Rxh6 67. Be5 $10 {Remisposition} Re6 68. Bg7 Re2 69. Bf6 Rf2 70. Bg7 Ke4
71. Bb2 Kd5 {[#]} 72. Ba3 (72. Bc3 $142 Kc5 73. Kc1 $10) 72... Rf3 73. Ka2 (73.
Kc2 b5 74. axb5 a4 $19) (73. Kb2 Kd4 74. Bd6 Rf2+ 75. Ka3 Kc3 76. Be5+ Kc2 77.
Ka2 Rf3 $19) 73... Kd4 74. Bd6 Rf6 75. Bc7 Rc6 76. Bg3 Kc3 77. Be5+ Kc2 78. Bd4
Rd6 79. Be3 Re6 80. Bd4 Kd3 81. Bg7 (81. Bg1 Rg6 $19) 81... Re2+ 82. Kb1 Re7
83. Bf6 Rf7 {[#]} 84. Be5 $2 (84. Bh8 $142 $1 b5 85. axb5 Rb7 86. Kb2 Rxb5 87.
Ka3 Kc2 88. Ka4 $10) 84... Rf5 85. Bg7 (85. Bc7 b5 86. axb5 (86. Bxa5 bxa4 87.
b4 Rf2 $19) (86. Kb2 b4 87. Bb6 Rg5 $19) 86... Rxb5 87. Ka2 Kc3 88. Ka3 Rxb3+
89. Ka4 Rb7 90. Bd8 Ra7 $19) 85... b5 86. axb5 Rxb5 87. Ka2 Kc2 88. Ka3 Rxb3+
89. Ka4 Rb7 90. Bf8 Ra7 {[#]} 91. Bc5 Ra8 92. Bb6 {[#]} Kc3 93. Bc7 {If White
would take the Pa5, he would loose the B because of Zugzvang. Der Pa5 kann
nicht genommen werden, weil dann der B wegen Zugzwang verloren geht.} (93.
Bxa5+ Kc4 $19 {Zugzvang Zugzwang} (93... Kc4 {Endgame-CD  Zugzvang Zugzwang}
94. Ka3 Rxa5+ $19)) 93... Kc4 {[#]} 94. Bb6 (94. Bd6 {Endgame-CD  This is the
most stubborn move. Das ist der harnäckigste Zug.} Ra7 95. Bb8 {[#]} Rb7 (95...
Ra8 96. Bd6 {führt nicht weiter.}) 96. Bg3 (96. Bd6 Rb5 97. Be7 (97. Bc7 Kc5
98. Bxa5 Kc4 99. Bd2 Rb2 100. Bc1 Ra2+ 101. Ba3 Ra1) 97... Rd5 98. Bf8 Kd3 (
98... Kd4 99. Bg7+ Ke4 100. Bf6 Kd3 (100... Kf5 101. Bc3 $10) 101. Bg7 Ke4 102.
Bc3 Kd3 (102... Rc5 $4 103. Bxa5)) 99. Bg7 (99. Be7) 99... Rf5 100. Bh6 Kc3
101. Be3 Kc4 102. Ba7 (102. Bb6 Rf1 103. Kxa5 Ra1#) 102... Rf7 103. Be3 Re7
104. Bf4 Kc5 105. Bd2 Re8 106. Bc3 Re2 107. Bf6 Ra2+ 108. Kb3 Rf2 109. Bg7 Kb5
110. Be5 a4+ 111. Ka3 Rf3+ 112. Ka2 a3 113. Bd6 Ka4 $19) 96... Rg7 (96... Ra7
97. Bb8 Rb7) 97. Bf4 Rf7 98. Bd6 {[#]} (98. Bd2 Rf2 99. Bxa5 Ra2#) (98. Bg3 Kc5
99. Bh2 Rf1 100. Be5 Kb6 101. Bd4+ Ka6 $19) 98... Kd5 99. Ba3 (99. Bb8 Kc5 {[#]
} 100. Bg3 (100. Kxa5 Rb7 $1 $19 (100... Rf8 $4 101. Ba7+ $10)) 100... Kb6 101.
Be1 Rf4+ 102. Ka3 Kb5 $19) 99... Ra7 100. Bf8 Kc6 101. Bh6 Rh7 (101... Kb7 $6 {
bring Schwarz nicht voran.} 102. Bg5 Ka6 103. Bd2 Kb7 104. Be3 Ra8 105. Bd2 Kb6
106. Be3+ Kc6) 102. Bd2 Rd7 103. Bc3 (103. Bxa5 Ra7 104. Kb4 Ra8 105. Ka4 Kc5 {
Zugzvang Zugzwang}) 103... Kc5 (103... Kb6 $4 104. Bxa5+ $10 Kc5 105. Kb3) 104.
Be1 {[#]} Rf7 $1 $8 {prevents Bf2+ verhindert Bf2+} (104... Rd1 $4 105. Bf2+ $1
Kc6 106. Kxa5 $10) 105. Bd2 {now, the idea is Be3+ with a draw nun droht Be3+
mit remis} Re7 (105... Rf3 $19) 106. Bg5 Re1 107. Bf6 Kb6 108. Bd8+ Ka6 109.
Bf6 Re4+ 110. Kb3 a4+ 111. Ka3 Kb5 112. Bg5 $19 {[#] the rest is easy, now der
Rest ist nun leicht}) 94... Ra6 95. Be3 Re6 {[#]} 96. Bg5 {This is no good
place for the bishop. White prevents Kxa5 himself because of the possibilty of
Re5+. Kein gutes Feld für den Läufer. Kxa5 ist nun wegen der Möglichkeit Re5+
unmöglich.} (96. Bf4 $142 {Endgame-CD /\ Kxa5=} Ra6 97. Bc7 Ra7 98. Bb8 {[#]}
Rb7 (98... Ra8 99. Bd6 Ra7 100. Bb8 {führt nicht weiter}) 99. Bg3 (99. Be5 $2
Rb4+ 100. Ka3 a4 {with a win of space mit Raumgewinn}) 99... Rg7 100. Bf4 Rf7 {
[#]} 101. Bd6 (101. Bg3 Kc5 {kein Schach auf f2 möglich} 102. Bh2 Rf1 103. Be5
Rf2 104. Bc7 Rd2 (104... Ra2+ 105. Kb3 Ra1 $8 106. Kb2 Ra4 107. Kb3 Kb5 $19)
105. Bb8 Ra2+ 106. Kb3 Ra1 107. Ba7+ Kb5 $19) 101... Kd5 102. Ba3 Ra7 103. Bb2
Kc5 104. Bc1 Kc6 105. Bh6 Rh7 106. Bd2 Rd7 107. Bc3 (107. Bxa5 $2 Ra7 108. Kb4
{[#]} Ra8 109. Ka4 Kc5 {Zugzvang Zugzwang}) 107... Kc5 108. Be1 Rf7 $8 109. Bd2
{/\ 110.Be3, 111.Ka5=} (109. Kxa5 Ra7#) 109... Re7 110. Bg5 (110. Bxa5 Ra7 $19)
110... Re1 111. Bf6 Kb6 112. Bd8+ Ka6 113. Bf6 Re4+ 114. Ka3 a4 115. Bg7 Kb5
116. Bh6 Rh4 117. Bf8 Kc4 (117... Rh3+ $19) 118. Be7 (118. Kxa4 Rh8 119. Bb4
Ra8+ 120. Ba5 Ra6 $19) 118... Rh3+ 119. Ka2 (119. Kxa4 Rh7 $19) 119... a3 120.
Bf8 (120. Bxa3 Rh2+ 121. Ka1 Kb3 122. Bc1 Rh1 123. Kb1 Rd1 124. Ka1 Rxc1#)
120... Rb3 121. Bg7 Kb4 122. Bf8+ Ka4 123. Bg7 Re3 124. Bf6 Re2+ 125. Ka1 Kb3
126. Bg7 Re1#) 96... Re2 {/\ Ra2#} 97. Ka3 Kb5 $19 (97... a4 $19 {Endgame-CD})
98. Bf4 Rf2 99. Be5 Rf3+ 100. Kb2 Ka4 101. Bd4 Rb3+ 102. Ka2 Rd3 (102... Rd3 {
Endgame-CD} 103. Ba7 Rd2+ 104. Kb1 Kb3) 0-1

[Event "USA-ch"]
[Site "Modesto"]
[Date "1995.??.??"]
[Round "6"]
[White "Kaidanov, Gregory S"]
[Black "Gurevich, Dmitry"]
[Result "1-0"]
[WhiteElo "2585"]
[BlackElo "2525"]
[Annotator "Hecht,H"]
[PlyCount "119"]
[EventDate "1995.11.??"]
[EventType "tourn"]
[EventRounds "13"]
[EventCountry "USA"]
[EventCategory "12"]
[SourceTitle "CBM 051"]
[Source "ChessBase"]
[SourceDate "1996.04.01"]
[SourceVersion "1"]
[SourceVersionDate "1996.04.01"]
[SourceQuality "1"]

1. e4 c5 2. Nf3 d6 3. d4 Nf6 4. dxc5 Qa5+ 5. Nfd2 Qxc5 6. Nc3 Qc7 7. Nc4 Nbd7
8. Bg5 g6 9. Qd4 Bg7 10. Nd5 Qd8 11. Nxf6+ Nxf6 12. e5 dxe5 13. Qxd8+ Kxd8 14.
Nxe5 Be6 15. Bc4 Bxc4 16. Nxc4 Rc8 17. O-O-O+ Ke8 18. Rd4 b5 19. Na5 Nd7 20.
Rd5 a6 21. Re1 f6 22. Bf4 Ne5 23. Bxe5 fxe5 24. Nb3 Rf8 25. f3 Rf4 26. Rc5 Rd8
27. c3 g5 28. Re4 Rxe4 29. fxe4 {TS-TL: Freibauernrennen, Taktik} Rd3 30. Rc8+
Kf7 31. Nc5 Rd6 32. Ra8 g4 33. Kc2 Rh6 34. h3 gxh3 35. gxh3 Rxh3 36. Rd8 h5 37.
Rd3 Rh1 38. Rd1 Rh2+ 39. Rd2 Rh4 40. Re2 a5 41. c4 bxc4 42. Kc3 Rh1 43. Kxc4 h4
44. Kb5 h3 45. Kxa5 Rg1 46. Rh2 Rg3 47. a4 Bh6 48. Kb5 Be3 49. a5 Bg1 50. Rh1
h2 51. a6 Rg2 52. b4 Ra2 53. Kc6 Ra1 54. Kc7 (54. b5 Bxc5 55. Rxa1 Bg1 56. a7
h1=Q 57. a8=Q Qxe4+ 58. Kc7 $13) (54. Nb7) (54. Kb7 Bxc5 55. Rxa1 Bg1 56. a7
h1=Q 57. a8=Q Qxe4+ 58. Kc7 $13) 54... e6 55. Kb8 Bxc5 56. Rxa1 Bg1 57. a7 h1=Q
58. a8=Q {e4 ist gedeckt!} Kg6 59. Qc6 Qh8+ 60. Qc8 1-0

[Event "St Petersburg op"]
[Site "St Petersburg"]
[Date "1994.??.??"]
[Round "3"]
[White "Svidler, Peter"]
[Black "Chuprov, A."]
[Result "1-0"]
[WhiteElo "2505"]
[BlackElo "2410"]
[Annotator "Hecht,H"]
[PlyCount "131"]
[EventDate "1994.02.??"]
[EventType "swiss"]
[EventRounds "9"]
[EventCountry "RUS"]
[SourceTitle "CBM 041"]
[Source "ChessBase"]
[SourceDate "1994.08.01"]
[SourceVersion "1"]
[SourceVersionDate "1994.08.01"]
[SourceQuality "1"]

1. e4 c5 2. Nf3 d6 3. d4 cxd4 4. Qxd4 Bd7 5. c4 Nc6 6. Qd2 Nf6 7. Nc3 e6 8. Be2
Be7 9. O-O O-O 10. b3 Qa5 11. Bb2 Rfd8 12. Rfd1 a6 13. Rac1 Rac8 14. a3 Qb6 15.
b4 Qa7 16. Bd3 Ng4 17. h3 Nge5 18. Nxe5 Nxe5 19. Ne2 Ba4 20. Rf1 b5 21. Bxe5
dxe5 22. c5 Qd7 23. Rc3 h6 24. Qb2 Bg5 25. Rb1 Qc6 26. Ng3 Rd4 27. Qe2 Rcd8 28.
Nf1 Qd7 29. c6 Qd6 30. Bc2 Bd2 31. Rc5 Bxc2 32. Rxc2 Bg5 33. Rb3 Rc8 34. Rbc3
Bd8 35. Nd2 f5 36. exf5 exf5 37. g3 Bb6 38. Nf3 Rd5 39. Rd2 e4 40. Rxd5 Qxd5
41. Nh4 Qe5 42. Qa2+ Kh7 43. Qf7 e3 44. Kg2 e2 45. Rc1 Re8 46. c7 Bxc7 47. Nf3
Qe7 48. Rxc7 Qxf7 49. Rxf7 e1=Q 50. Nxe1 Rxe1 51. Rxf5 Ra1 (51... Kg6 52. Rd5
Re6 $5) 52. Rf3 Kg6 53. Rd3 Kf5 54. Kf3 Ra2 (54... g5 55. Ke3 Ke5 56. f4+ gxf4+
57. gxf4+ Kf5 58. Kd4 Kxf4 59. Kc5 $18 h5 60. Kc6) 55. Ke3 Ke5 56. f4+ Ke6 57.
Kd4 Kd6 58. Ke4+ Ke6 59. f5+ Ke7 60. Kf4 Rc2 61. Kg4 Rc4+ 62. Kh5 Rc6 63. g4 a5
(63... Rb6 64. h4 Rc6 65. g5 hxg5 66. hxg5 Rb6 67. Re3+ Kf7 68. Re6 Rxe6 69.
fxe6+ Kxe6 70. Kg6 $18) 64. bxa5 Ra6 65. Rd5 Rxa5 66. Kg6 1-0

[Event "Volgograd"]
[Site "Volgograd"]
[Date "1994.??.??"]
[Round "9"]
[White "Shtyrenkov, Veniamen"]
[Black "Stripunsky, Alexander"]
[Result "1-0"]
[WhiteElo "2445"]
[BlackElo "2510"]
[Annotator "Hecht,H"]
[PlyCount "117"]
[EventDate "1994.??.??"]
[EventType "tourn"]
[EventRounds "13"]
[EventCountry "NED"]
[EventCategory "8"]
[SourceTitle "CBM 041"]
[Source "ChessBase"]
[SourceDate "1994.08.01"]
[SourceVersion "1"]
[SourceVersionDate "1994.08.01"]
[SourceQuality "1"]

1. e4 c5 2. Nf3 Nc6 3. Bb5 d6 4. d4 cxd4 5. Qxd4 Bd7 6. Bxc6 Bxc6 7. Nc3 e5 8.
Qd3 Be7 9. O-O h6 10. Nd2 Nf6 11. Nc4 O-O 12. Ne3 Bd7 13. a4 Rc8 14. b3 Be6 15.
Bb2 a6 16. Kh1 Nh5 17. Ncd5 Nf4 18. Nxf4 exf4 19. Nd5 Bxd5 20. exd5 Bf6 21.
Bxf6 Qxf6 22. c4 Rfe8 23. Rac1 Re5 24. a5 g5 25. b4 Rd8 26. Rce1 Qe7 27. Rxe5
Qxe5 28. Rd1 Re8 29. h3 Qb2 30. Qd2 Qxd2 31. Rxd2 Kf8 (31... Re1+ 32. Kh2 Rc1 (
32... Rb1 $5 33. c5 Kf8 34. cxd6 Ke8 $13 (34... Rxb4 35. Re2 $18 Rd4)) 33. c5
Kf8 (33... dxc5 34. d6 $18) 34. cxd6 Ke8 35. Re2+ Kd7 36. Re7+ Kxd6 37. Rxb7
$16 Kxd5 38. Rxf7) 32. c5 Re1+ 33. Kh2 Ke7 34. Rc2 Re4 35. c6 bxc6 36. dxc6 Kd8
37. c7+ Kc8 38. Rc6 Rxb4 39. Rxd6 h5 40. Rxa6 Rc4 41. Rf6 Rc2 42. f3 Rxc7 43.
Rf5 f6 44. Rxf6 h4 45. Rf5 Rg7 46. Rb5 Kc7 47. a6 Kc6 48. Ra5 Rg8 49. a7 Kb7
50. a8=Q+ Rxa8 51. Rxg5 Rh8 52. Rf5 Kc6 53. Rxf4 Kd5 54. Re4 Kd6 55. Kg1 Kd5
56. Kf2 Rh7 57. Ke3 Rh8 58. f4 Rg8 59. Re5+ 1-0

[Event "Saintly Cup"]
[Site "Sydney"]
[Date "1999.01.25"]
[Round "4"]
[White "Oral, Tomas"]
[Black "Roeder, Mathias"]
[Result "0-1"]
[WhiteElo "2521"]
[BlackElo "2447"]
[Annotator "Hecht,H"]
[PlyCount "112"]
[EventDate "1999.01.22"]
[EventType "tourn"]
[EventRounds "9"]
[EventCountry "AUS"]
[EventCategory "10"]
[SourceTitle "CBM 070"]
[Source "ChessBase"]
[SourceDate "1999.06.08"]
[SourceVersion "1"]
[SourceVersionDate "1999.06.08"]
[SourceQuality "1"]

1. e4 c5 2. Nf3 d6 3. d4 cxd4 4. Qxd4 Nf6 5. Nc3 Nc6 6. Bb5 Bd7 7. Bxc6 Bxc6 8.
Bg5 e6 9. O-O-O Be7 10. Qd3 Qa5 11. Kb1 O-O 12. h4 Qa6 13. Qxa6 bxa6 14. Bxf6
gxf6 15. Nd4 Bd7 16. f4 Rab8 17. Rd3 Rb7 18. Nb3 Rfb8 19. Kc1 Rb4 20. g3 Bc6
21. Re1 Ba8 22. Nd2 Rc8 23. b3 Rb7 24. Nd1 Rbc7 25. Ne3 Kf8 26. c4 a5 27. a4
Rc5 28. Kb2 Rb8 29. Ka2 h5 30. Rg1 Kg7 31. Nd1 Rg8 32. Nc3 a6 33. Re1 Kg6 34.
Nf3 f5 35. exf5+ Kxf5 36. Nd4+ Kf6 37. Ne4+ Bxe4 38. Rxe4 d5 39. cxd5 Rxd5 40.
Re5 Rgd8 41. Rxd5 Rxd5 42. Kb2 Bc5 43. Kc3 Rxd4 44. Rxd4 Bxd4+ 45. Kxd4 Kf5 {
[#]} 46. Kc5 (46. Ke3 Kg4 47. Kf2 f6 48. Kg2 e5 49. fxe5 fxe5 50. Kf2 e4 $19 {
siehe Partie}) 46... f6 $1 (46... Kg4 $2 47. Kb6 Kxg3 48. Kxa5 Kxf4 (48... Kxh4
49. Kxa6 Kg4 50. b4 h4 51. b5 h3 52. b6 h2 53. b7 h1=Q 54. b8=Q Qf1+ 55. Qb5
Qxf4 56. a5 $14) 49. Kxa6 $11) 47. Kd6 (47. Kb6 e5 48. fxe5 fxe5 49. Kxa5 e4
50. Kxa6 e3 $19 {2 Tempi}) 47... e5 48. fxe5 fxe5 49. Kd5 Kg4 50. Kxe5 Kxg3 51.
Kf5 Kxh4 52. Kf4 Kh3 53. Kf3 h4 54. Kf2 Kg4 55. Kg2 h3+ (55... Kf4 56. Kh3 Ke3
57. Kxh4 Kd3 58. Kg3 Kc3 59. Kf3 Kxb3 60. Ke3 Kxa4 61. Kd2 Kb3 62. Kc1 $11) 56.
Kh2 Kh4 {Der weiße König wird patt gesetzt, wonach das verlustbringende b4
erfolgen muß und Schwarz anschließend das Patt aufhebt:} (56... Kh4 57. Kh1 Kg3
58. Kg1 h2+ 59. Kh1 Kh3 60. b4 axb4 61. a5 Kg4 62. Kxh2 b3) 0-1

[Event "Abu Dhabi op 13th"]
[Site "Abu Dhabi"]
[Date "2003.08.20"]
[Round "5"]
[White "Hasangatin, Ramil"]
[Black "Harikrishna, Pentala"]
[Result "0-1"]
[WhiteElo "2515"]
[BlackElo "2558"]
[Annotator "Hecht,H"]
[PlyCount "90"]
[EventDate "2003.08.16"]
[EventType "swiss"]
[EventRounds "9"]
[EventCountry "UAE"]
[SourceTitle "CBM 097"]
[Source "ChessBase"]
[SourceDate "2003.11.11"]
[SourceVersion "1"]
[SourceVersionDate "2003.11.11"]
[SourceQuality "1"]

1. e4 c5 2. Nf3 Nc6 3. Bb5 d6 4. d4 cxd4 5. Qxd4 Bd7 6. Bxc6 Bxc6 7. c4 Nf6 8.
Nc3 g6 9. O-O Bg7 10. Qd3 O-O 11. Nd4 Nd7 12. Be3 Rc8 13. Qd2 Re8 14. f3 a6 15.
Rac1 Qa5 16. Rfd1 b5 17. cxb5 axb5 18. Ncxb5 Qxd2 19. Rxd2 Bb7 20. Rdc2 Rb8 21.
Nc7 Red8 22. b4 Ne5 23. a3 e6 24. Nb3 d5 25. Ba7 Rbc8 26. Na5 Ba8 27. exd5 exd5
28. Nxa8 Rxa8 29. Bb6 Re8 30. Rd1 Nc4 31. Nxc4 dxc4 32. Rxc4 Rxa3 33. Rdc1 Raa8
34. Re4 Rec8 35. Rxc8+ Rxc8 36. Bc5 f5 37. Re1 Bc3 38. Rb1 Kf7 39. Rb3 Be5 40.
g3 f4 41. g4 Ke6 42. Rd3 Ra8 {[#] It is very questionable whether White can
win this ending because of his passive king. That he loses within three moves
is both astonishing and amusing: losing a rook on an open board! [#] Ob Weiß
dieses Endspiel angesichts des passiven Königs gewinnen kann, ist sehr
fraglich. Dass er es binnen drei Zügen verliert, ist ebenso erstaunlich wie
amüsant: Turmverlust auf offenem Brett!} 43. b5 Ra5 44. Rb3 Kd5 45. Bf2 $4 {
[%mdl 12288]} (45. Bf8 Ra8 46. Be7 Ra7 $11) 45... Ra1+ {for the unavoidable
Kc4 will cost White his rook. denn das unvermeidliche Kc4 kostet den Turm.} 0-1